Economic aspects of social services development in Slovakia in the context of demographic changes
V súčasnej globálnej dobe proces stárnutia obyvateľstva predstavuje vážny sociálny problém, ktorý súvisí s krajinami, ktorých veľkosť alebo ekonomická sila nie je veľká. Investície do zdravotníckych služieb, zdravotnej starostlivosti sa síce neustále zlepšujú, ale aj tak existujú nerovnosti v posk...
Enregistré dans:
| Auteur principal: | |
|---|---|
| Autres auteurs: | |
| Format: | Chapitre de livre |
| Langue: | anglais |
| Sujets: | |
| Tags: |
Pas de tags, Soyez le premier à ajouter un tag!
|
MARC
| LEADER | 00000nla a2200000 4500 | ||
|---|---|---|---|
| 001 | 0225249 | ||
| 005 | 20240417075110.0 | ||
| 041 | 0 | |a eng | |
| 044 | |a SK | ||
| 245 | 1 | 0 | |a Economic aspects of social services development in Slovakia in the context of demographic changes |c Beáta Gavurová, Michal Šoltés |
| 520 | |a V súčasnej globálnej dobe proces stárnutia obyvateľstva predstavuje vážny sociálny problém, ktorý súvisí s krajinami, ktorých veľkosť alebo ekonomická sila nie je veľká. Investície do zdravotníckych služieb, zdravotnej starostlivosti sa síce neustále zlepšujú, ale aj tak existujú nerovnosti v poskytovaní zdravotnej starostlivosti zraniteľných skupín obyvateľstva, ako sú staršie osoby. | ||
| 610 | 2 | 0 | |a Slovensko |
| 610 | 2 | 0 | |a starostlivosť sociálna |
| 610 | 2 | 0 | |a starostlivosť zdravotná |
| 610 | 2 | 0 | |a starnutie populácie |
| 610 | 2 | 0 | |a vývoj populačný |
| 610 | 2 | 0 | |a politika sociálna |
| 100 | 1 | |a Gavurová, Beáta, 1972- | |
| 700 | 1 | |a Šoltés, Michal | |